Рождественские истории: самые разные художники - самым хорошим детям
| Idioma: | rus |
|---|---|
| Publicat: |
Минск, Полифакт, 1991
|
| Matèries: | |
| Format: | MixedMaterials Llibre |
| KOHA link: | https://koha.lib.tpu.ru/cgi-bin/koha/opac-detail.pl?biblionumber=156753 |
MARC
| LEADER | 00000nam0a2200000 4500 | ||
|---|---|---|---|
| 001 | 156753 | ||
| 005 | 20231031153400.0 | ||
| 010 | |a 5781514848 | ||
| 035 | |a (RuTPU)RU\TPU\book\170001 | ||
| 090 | |a 156753 | ||
| 100 | |a 20090330d1991 c y0rusy50 ca | ||
| 101 | 0 | |a rus | |
| 102 | |a BY | ||
| 105 | |a a z 000ay | ||
| 200 | 1 | |a Рождественские истории |e самые разные художники - самым хорошим детям | |
| 210 | |a Минск |c Полифакт |d 1991 | ||
| 215 | |a 56 с. |c ил. | ||
| 610 | 1 | |a детская литература | |
| 610 | 1 | |a святки | |
| 610 | 1 | |a сказки | |
| 610 | 1 | |a Рождество | |
| 675 | |a Р1 |v 3 | ||
| 801 | 1 | |a RU |b 63413507 |c 20090330 |g PSBO | |
| 942 | |c BK | ||